| 000 | 00577nam a2200193 a 4500 | ||
|---|---|---|---|
| 001 | 000042839 | ||
| 003 | OSt | ||
| 005 | 20201202090338.0 | ||
| 008 | 140211s2012 dr 000 p spa d | ||
| 020 | _a9789945469929 | ||
| 040 |
_aDO-SdBNP _bspa _cBNPHU |
||
| 100 | 1 |
_aRieke, Karina, _970219 _d1971- |
|
| 245 | 1 | 0 |
_aOntologĂa de la palabra / _cKarina Rieke. |
| 260 |
_aSanto Domingo : _bNacional, _c2012. |
||
| 300 |
_a46 p. ; _c23 cm. |
||
| 500 | _aIncluye datos biografĂcos de la autora en la solapa de la cubierta. | ||
| 590 | _aInventariado, 2020 /LP | ||
| 942 |
_2ddc _cLBS1 |
||
| 999 |
_c42328 _d42328 |
||